Ensayo sobre la interpretación de la escritura hierática de la América Central / (Record no. 163983)
[ view plain ]
| 000 -LEADER | |
|---|---|
| campo de control de longitud fija | 01712nam a2200325 i 4500 |
| 001 - NÚMERO DE CONTROL | |
| campo de control | 163983 |
| 003 - IDENTIFICADOR DE NÚMERO DE CONTROL | |
| campo de control | ES-MaACL |
| 005 - FECHA Y HORA DE LA ÚLTIMA TRANSACCIÓN | |
| campo de control | 20250626063211.0 |
| 008 - DATOS DE LONGITUD FIJA--INFORMACIÓN GENERAL | |
| campo de control de longitud fija | 980908s1881 sp afh |||| | spa d |
| 080 ## - NÚMERO DE LA CLASIFICACIÓN DECIMAL UNIVERSAL | |
| Número de la Clasificación Decimal Universal | 003.321 |
| 100 1# - ENTRADA PRINCIPAL--NOMBRE DE PERSONA | |
| Nombre de persona | Rosny, León de, |
| Fechas asociadas al nombre | 1837-1914 |
| 9 (RLIN) | 155491 |
| 245 10 - MENCIÓN DEL TÍTULO | |
| Título | Ensayo sobre la interpretación de la escritura hierática de la América Central / |
| Mención de responsabilidad, etc. | por Leon de Rosny ; traducción anotada y precedida de un prólogo por Juan de Dios de la Rada y Delgado. |
| 260 ## - PUBLICACIÓN, DISTRIBUCIÓN, ETC. | |
| Lugar de publicación, distribución, etc. | Madrid : |
| Nombre del editor, distribuidor, etc. | [s.n.], |
| Fecha de publicación, distribución, etc. | 1881 ( |
| Fabricante | Imp. y Fundición de Manuel Tello) |
| 300 ## - DESCRIPCIÓN FÍSICA | |
| Extensión | XXI, 113, [5] p., XX h. de lám. : |
| Otras características físicas | il. ; |
| Dimensiones | 46 cm. |
| 505 8# - NOTA DE CONTENIDO CON FORMATO | |
| Nota de contenido con formato | Contiene: Apéndice 1 ; |
| Título | Manuscrito de Diego de Landa tomado directamente del único ejemplar que se conoce y se conserva en la Academia de la Historia - Apéndice 2 ; |
| -- | Manuscrito figurativo, con palabras aztecas escritas con caracteres españoles el año 1526, que se conserva en el Museo de Artillería de Madrid |
| 510 4# - NOTA DE CITAS O REFERENCIAS BIBLIOGRÁFICAS | |
| Nombre de la fuente | PALAU, |
| Localización dentro de la fuente | 278865 |
| 530 ## - NOTA DISPONIBLE DE FORMULARIO FÍSICO ADICIONAL | |
| Nota de formato físico adicional disponible | Disponible en formato digital. |
| 595 ## - | |
| -- | Tirada de 200 ejemplares. |
| 596 ## - NOTA AL PIE DE IMPRENTA | |
| NOTA AL PIE DE IMPRENTA | En el pie de imp. de cub. aparece 1884. |
| 597 ## - NOTA DE DESCRIPCIÓN FÍSICA | |
| NOTA DE DESCRIPCIÓN FÍSICA | Antep. |
| 597 ## - NOTA DE DESCRIPCIÓN FÍSICA | |
| NOTA DE DESCRIPCIÓN FÍSICA | Port. con esc. real xil. |
| 599 ## - NOTA A LAS ILUSTRACIONES | |
| NOTA A LAS ILUSTRACIONES | Las h. de lám. son facsímiles de manuscritos en col. y n. |
| 599 ## - NOTA A LAS ILUSTRACIONES | |
| NOTA A LAS ILUSTRACIONES | H. de lám.: "Imp. Lemercier & C\pe\s París", "JBust.\pe\s lit.ª, Lit. "Las Artes", Madrid" |
| 650 #4 - PUNTO DE ACCESO ADICIONAL DE MATERIA--TÉRMINO DE MATERIA | |
| Término de materia o nombre geográfico como elemento de entrada | Escritura maya. |
| 9 (RLIN) | 155487 |
| 700 1# - ENTRADA AGREGADA--NOMBRE PERSONAL | |
| Nombre de persona | Rada y Delgado, Juan de Dios de la. |
| 9 (RLIN) | 94904 |
| 752 ## - ENTRADA AGREGADA--NOMBRE JERÁRQUICO DEL LUGAR | |
| País o entidad superior | España - |
| Ciudad | Madrid |
| 852 ## - LOCALIZACIÓN | |
| Ubicación | ES-MaACL |
| Número de control de estantería | B-15 |
| Nota libre | - Enc. cart. |
| 856 ## - LOCALIZACIÓN Y ACCESO ELECTRÓNICOS | |
| Identificador Uniforme de Recursos | <a href="http://bvpb.mcu.es/es/consulta/registro.cmd?id=469690 ">http://bvpb.mcu.es/es/consulta/registro.cmd?id=469690 </a> |
| Nota pública | Biblioteca Virtual de Patrimonio Bibliográfico |
| Estatus retirado | Estado de pérdida | Estado de daño | No para préstamo | Colección | Biblioteca de origen | Biblioteca actual | Ubicación en estantería | Fecha de adquisición | Fuente de adquisición | Total de préstamos | Signatura topográfica completa | Código de barras | Visto por última vez | Precio de reemplazo | Tipo de ítem Koha |
|---|---|---|---|---|---|---|---|---|---|---|---|---|---|---|---|
| Colección digital | Biblioteca del Ateneo de Madrid | Biblioteca del Ateneo de Madrid | Sala Pardo Bazán | 17/01/2008 | B-15 | 1171866 | 23/02/2023 | 23/02/2023 | Libro impreso antiguo |
